Catalogue of Meteorites from South America

The first Catalogue of Meteorites from South America includes new specimens never previously reported, while doubtful cases and pseudometeorites have been deliberately omitted. The falling of these objects is a random event, but the sites where old meteorites are found tend to be focused in certain...

Πλήρης περιγραφή

Λεπτομέρειες βιβλιογραφικής εγγραφής
Κύριοι συγγραφείς: Acevedo, Rogelio Daniel (Συγγραφέας), Rocca, Maximiliano C.L (Συγγραφέας), García, Víctor Manuel (Συγγραφέας)
Συγγραφή απο Οργανισμό/Αρχή: SpringerLink (Online service)
Μορφή: Ηλεκτρονική πηγή Ηλ. βιβλίο
Γλώσσα:English
Έκδοση: Cham : Springer International Publishing : Imprint: Springer, 2014.
Σειρά:SpringerBriefs in Earth System Sciences, South America and the Southern Hemisphere,
Θέματα:
Διαθέσιμο Online:Full Text via HEAL-Link
LEADER 02860nam a22005055i 4500
001 978-3-319-01925-3
003 DE-He213
005 20151031151014.0
007 cr nn 008mamaa
008 131224s2014 gw | s |||| 0|eng d
020 |a 9783319019253  |9 978-3-319-01925-3 
024 7 |a 10.1007/978-3-319-01925-3  |2 doi 
040 |d GrThAP 
050 4 |a QB600-701 
072 7 |a PGS  |2 bicssc 
072 7 |a SCI031000  |2 bisacsh 
082 0 4 |a 523.4  |2 23 
100 1 |a Acevedo, Rogelio Daniel.  |e author. 
245 1 0 |a Catalogue of Meteorites from South America  |h [electronic resource] /  |c by Rogelio Daniel Acevedo, Maximiliano C.L. Rocca, Víctor Manuel García. 
264 1 |a Cham :  |b Springer International Publishing :  |b Imprint: Springer,  |c 2014. 
300 |a IX, 147 p. 149 illus. in color.  |b online resource. 
336 |a text  |b txt  |2 rdacontent 
337 |a computer  |b c  |2 rdamedia 
338 |a online resource  |b cr  |2 rdacarrier 
347 |a text file  |b PDF  |2 rda 
490 1 |a SpringerBriefs in Earth System Sciences, South America and the Southern Hemisphere,  |x 2191-589X 
505 0 |a Introduction -- Argentina -- Bolivia -- Brazil -- Chile -- Colombia -- Ecuador -- Paraguay -- Peru -- Uruguay -- Venezuela. 
520 |a The first Catalogue of Meteorites from South America includes new specimens never previously reported, while doubtful cases and pseudometeorites have been deliberately omitted. The falling of these objects is a random event, but the sites where old meteorites are found tend to be focused in certain areas, e.g. in the deflation surfaces in Chile’s Atacama Desert, due to favorable climate conditions and ablation processes. Our Catalogue provides basic information on each specimen like its provenance and the place where it was discovered (in geographic co-ordinates and with illustrative maps), its official name, its classification type (class, and if applicable, weathering grade and shock stage), if it was seen falling or was found by chance, its total mass or weight, the institution where it is held, and the most important bibliographic references about it. 
650 0 |a Earth sciences. 
650 0 |a Mineralogy. 
650 0 |a Planetology. 
650 0 |a Space sciences. 
650 1 4 |a Earth Sciences. 
650 2 4 |a Planetology. 
650 2 4 |a Mineralogy. 
650 2 4 |a Extraterrestrial Physics, Space Sciences. 
700 1 |a Rocca, Maximiliano C.L.  |e author. 
700 1 |a García, Víctor Manuel.  |e author. 
710 2 |a SpringerLink (Online service) 
773 0 |t Springer eBooks 
776 0 8 |i Printed edition:  |z 9783319019246 
830 0 |a SpringerBriefs in Earth System Sciences, South America and the Southern Hemisphere,  |x 2191-589X 
856 4 0 |u http://dx.doi.org/10.1007/978-3-319-01925-3  |z Full Text via HEAL-Link 
912 |a ZDB-2-EES 
950 |a Earth and Environmental Science (Springer-11646)